| 000 | 00765cam a2200229 a 4500 | ||
|---|---|---|---|
| 001 | 000009673 | ||
| 005 | 20200929161651.0 | ||
| 008 | 920319s1989 cu 001 0 spa | ||
| 040 |
_aDO-SdBNP _cDLC |
||
| 082 |
_aCu862.44 _bM751 |
||
| 245 | 0 | 0 |
_aMonólogos teatrales cubanos : _bantología / _cselección y prólogo, Francisco Garzón Céspedes ; edición Olga Rosa Rius. |
| 260 |
_aLa Habana, Cuba : _bLetras Cubanas, _c1989. |
||
| 300 |
_a524 p. ; _c18 cm. |
||
| 490 | 1 | _aGiraldilla | |
| 650 | 4 |
_aTeatro cubano. _924517 |
|
| 650 | 4 |
_aLiteratura cubana _91483 |
|
| 700 | 1 |
_aGarzon Cespedes, Francisco, _d1947- _epról. _924571 |
|
| 700 | 1 |
_aRius, Olga Rosa _eed. _924572 |
|
| 830 | 0 |
_aGiraldilla ; _98904 |
|
| 910 | _aCatalogación por copia / LC | ||
| 049 | _aBNGR | ||
| 999 |
_c9433 _d9433 |
||